| 000 | 00396nam a2200145Ia 4500 | ||
|---|---|---|---|
| 008 | 240729s9999 xx 000 0 und d | ||
| 022 | _a2959-7781 | ||
| 245 | 0 | _aEUPHRATES JOURNAL OF AGRICULTURAL SCIENCE | |
| 260 | _aIraq | ||
| 260 | _bAl-qasim green University | ||
| 650 | _aAgriculture | ||
| 856 | _uhttps://doaj.org/toc/3f370678e1014a43b9d21518e684db67 | ||
| 942 | _2ddc | ||
| 942 | _cDOAJEJ | ||
| 999 |
_c66948 _d66948 |
||
| 945 |
_a1 _bMadushi Gamage _c1 _dMadushi Gamage |
||